[Event "EOBCC 2020"]
[Site "Online"]
[Date "2020.12.18"]
[Round "4.104"]
[White "Gubajdullin, Alexei"]
[Black "Gretarsson, Helgi Ass"]
[Result "1/2-1/2"]
[WhiteElo "2343"]
[BlackElo "2440"]
[PlyCount "122"]
[EventDate "2020.12.18"]
[EventType "tourn"]
[EventCountry "NET"]

1. d4 g6 2. Bf4 Bg7 3. e3 d6 4. Nf3 Nd7 5. Be2 e5 6. Bg5 f6 7. Bh4 Nh6 8. dxe5 dxe5 9. Bc4 Nf5 10. Nc3 c6 11. a4 Nxh4 12. Nxh4 f5 13. Nxf5 gxf5 14. Qh5+ Ke7 15. Qf7+ Kd6 16. Qxg7 Kc5 17. Ba2 Qf6 18. Qg3 a5 19. O-O-O Nb6 20. Qf3 Rf8 21. e4 f4 22. Ne2 Nd7 23. Qb3 Qg5 24. Kb1 Qxg2 25. Nc1 Qxe4 26. Nd3+ Kd6 27. Nxf4+ Ke7 28. Qe6+ Kd8 29. Rxd7+ Bxd7 30. Rd1 Kc7 31. Qxd7+ Kb6 32. Ne6 Rfc8 33. Qd6 Qxa4 34. Qc5+ Ka6 35. Bc4+ b5 36. Qe7 Qb4 37. Nc7+ Kb7 38. Qxb4 axb4 39. Nxb5 cxb5 40. Bd5+ Kb6 41. Bxa8 Rxa8 42. Rd5 Re8 43. Rd6+ Kc5 44. Rh6 Rf8 45. Rxh7 Rxf2 46. h4 Rf1+ 47. Ka2 e4 48. Re7 Kd5 49. Kb3 Rf2 50. h5 Rh2 51. Kxb4 Rxc2 52. b3 Rh2 53. Kxb5 Rxh5 54. Kb4 Re5 55. Rd7+ Kc6 56. Rd1 e3 57. Re1 e2 58. Kc3 Kb5 59. Kd3 Kb4 60. Rxe2 Rxe2 61. Kxe2 Kxb3 1/2-1/2

[Event "EOBCC 2020"]
[Site "Online"]
[Date "2020.12.18"]
[Round "4.105"]
[White "Mazi, Leon"]
[Black "Matnadze, Ana"]
[Result "0-1"]
[WhiteElo "2340"]
[BlackElo "2421"]
[PlyCount "104"]
[EventDate "2020.12.18"]
[EventType "tourn"]
[EventCountry "NET"]

1. e4 c6 2. Nc3 d5 3. d4 dxe4 4. Nxe4 Nf6 5. Nxf6+ exf6 6. Bc4 Bd6 7. Qe2+ Qe7 8. Qxe7+ Kxe7 9. Ne2 Re8 10. Bf4 Bxf4 11. Nxf4 Kf8+ 12. Kd2 Bf5 13. c3 Nd7 14. Rae1 Nb6 15. Bd3 Bg6 16. Rxe8+ Rxe8 17. Re1 Rd8 18. Nxg6+ hxg6 19. Kc2 Nd5 20. g3 Nc7 21. a3 g5 22. Bc4 Nd5 23. Kd3 b5 24. Ba2 a5 25. a4 bxa4 26. Bxd5 Rxd5 27. Ra1 Rb5 28. Rxa4 Rxb2 29. Rxa5 Rxf2 30. Rc5 Rxh2 31. Rxc6 Rg2 32. d5 Rxg3+ 33. Kd4 Rg1 34. d6 Rd1+ 35. Kc5 Ke8 36. Rc8+ Kd7 37. Rc7+ Ke6 38. Re7+ Kf5 39. d7 g4 40. Kc6 g3 41. Re2 Kf4 42. Kc7 Kf3 43. Ra2 f5 44. d8=Q Rxd8 45. Kxd8 Ke4 46. c4 Kd4 47. Rc2 Kc5 48. Re2 Kxc4 49. Ke7 Kd3 50. Ra2 f4 51. Kxf7 f3 52. Kxg7 g2 0-1

[Event "EOBCC 2020"]
[Site "Online"]
[Date "2020.12.18"]
[Round "4.106"]
[White "Pantzar, Milton"]
[Black "Marjanovic, Annamaria"]
[Result "1-0"]
[WhiteElo "2421"]
[BlackElo "2338"]
[PlyCount "69"]
[EventDate "2020.12.18"]
[EventType "tourn"]
[EventCountry "NET"]

1. d4 Nf6 2. c4 g6 3. Nc3 Bg7 4. e4 d6 5. h3 O-O 6. Be3 e5 7. d5 a5 8. g4 Na6 9. Nge2 Nc5 10. Ng3 Ne8 11. Be2 Bd7 12. h4 f6 13. h5 g5 14. h6 Bh8 15. Qd2 Rf7 16. Kf1 b6 17. Kg2 Qe7 18. b3 Rb8 19. Rab1 Qf8 20. f3 c6 21. dxc6 Bxc6 22. Rbd1 Ne6 23. Nf5 Rd7 24. Nd5 Bxd5 25. Qxd5 Kf7 26. c5 bxc5 27. Bc4 N8c7 28. Qc6 Rbd8 29. Nxd6+ Rxd6 30. Qxc7+ Kg6 31. Bxe6 Rxe6 32. Rxd8 Re8 33. Rxe8 Qxe8 34. Bxc5 Qb5 35. Qe7 1-0

[Event "EOBCC 2020"]
[Site "Online"]
[Date "2020.12.18"]
[Round "4.107"]
[White "Borsuk, Konstantin"]
[Black "Kusa, Jakub"]
[Result "1/2-1/2"]
[WhiteElo "2401"]
[BlackElo "2336"]
[PlyCount "101"]
[EventDate "2020.12.18"]
[EventType "tourn"]
[EventCountry "NET"]

1. d4 Nf6 2. c4 e6 3. Nc3 d5 4. cxd5 exd5 5. Bg5 Nbd7 6. e3 Be7 7. Bd3 c6 8. Nge2 h6 9. Bh4 Nh5 10. Bxe7 Qxe7 11. Rb1 a5 12. a3 g6 13. Qc2 b5 14. O-O O-O 15. Rbc1 Bb7 16. Nb1 a4 17. Nbc3 Nb6 18. e4 dxe4 19. Nxe4 Rad8 20. Nc5 Ba8 21. Rfe1 Qg5 22. Ne4 Qh4 23. g3 Qh3 24. Nc5 Nd5 25. Be4 Nhf6 26. Bg2 Qg4 27. h3 Qg5 28. Nc3 Rfe8 29. Nxd5 cxd5 30. Nd3 Ne4 31. Ne5 Qf5 32. g4 Qf4 33. Nd3 Qd6 34. f3 Ng5 35. h4 Ne6 36. Qf2 Nf4 37. Nc5 h5 38. g5 Ne6 39. Bf1 Qf4 40. Nxe6 Rxe6 41. Rxe6 fxe6 42. Re1 Re8 43. Bh3 e5 44. dxe5 Rxe5 45. Rxe5 Qxe5 46. Qa7 Qe1+ 47. Bf1 Qg3+ 48. Bg2 Qe1+ 49. Bf1 Qg3+ 50. Bg2 Qe1+ 51. Bf1 1/2-1/2

[Event "EOBCC 2020"]
[Site "Online"]
[Date "2020.12.18"]
[Round "4.109"]
[White "Mustafayev, Farid"]
[Black "Gavrilescu, David"]
[Result "0-1"]
[WhiteElo "2334"]
[BlackElo "2476"]
[PlyCount "90"]
[EventDate "2020.12.18"]
[EventType "tourn"]
[EventCountry "NET"]

1. d4 d5 2. c4 e6 3. Nc3 a6 4. cxd5 exd5 5. Bf4 Nf6 6. e3 c5 7. Bd3 Nc6 8. Nge2 c4 9. Bc2 b5 10. O-O Be7 11. Bg3 O-O 12. f3 b4 13. Na4 Re8 14. Bf2 Bf8 15. Kh1 Rb8 16. Rc1 Bd7 17. b3 Na5 18. Nb2 Bb5 19. Re1 Qd7 20. Bh4 Rb6 21. Nf4 h6 22. Bf2 Bd6 23. Bg3 Bb8 24. Bb1 Rc6 25. e4 dxe4 26. fxe4 Ng4 27. e5 c3 28. Na4 Bxa4 29. bxa4 Nc4 30. Be4 Rcc8 31. Qd3 g6 32. e6 fxe6 33. Nxg6 Nd2 34. Bf3 Bxg3 35. Bxg4 Bxe1 36. Rxe1 Qf7 37. Ne5 Qg7 38. Bh5 Rf8 39. Bg4 Rce8 40. h3 Rf2 41. Qxa6 h5 42. Bxe6+ Kh8 43. Bd5 Rg8 44. Nf7+ Rxf7 45. Bxf7 Qxg2# 0-1

[Event "EOBCC 2020"]
[Site "Online"]
[Date "2020.12.18"]
[Round "4.110"]
[White "Samadov, Read"]
[Black "Lazov, Toni"]
[Result "1-0"]
[WhiteElo "2332"]
[BlackElo "2405"]
[PlyCount "61"]
[EventDate "2020.12.18"]
[EventType "tourn"]
[EventCountry "NET"]

1. d4 Nf6 2. c4 g6 3. Nc3 Bg7 4. e4 d6 5. f4 O-O 6. Nf3 Na6 7. Be2 e5 8. fxe5 dxe5 9. d5 c6 10. O-O Qb6+ 11. Kh1 Ng4 12. Qe1 Nc5 13. h3 Nf6 14. Be3 Qa5 15. Nd2 Ncd7 16. Nb3 Qc7 17. c5 b6 18. dxc6 Qxc6 19. Bb5 Qc7 20. c6 Nb8 21. Bg5 Ne8 22. Nd5 Qd6 23. Be7 Qe6 24. Bxf8 Bxf8 25. Rc1 a6 26. Bc4 b5 27. Nf6+ Qxf6 28. Rxf6 Nxf6 29. Bd5 Ra7 30. Qf2 Nxd5 31. Qxa7 1-0

[Event "EOBCC 2020"]
[Site "Online"]
[Date "2020.12.18"]
[Round "4.111"]
[White "Owczarzak, Jerzy"]
[Black "Sargsyan, Anna M."]
[Result "1-0"]
[WhiteElo "2326"]
[BlackElo "2402"]
[PlyCount "65"]
[EventDate "2020.12.18"]
[EventType "tourn"]
[EventCountry "NET"]

1. b4 e5 2. Bb2 Bxb4 3. Bxe5 Nf6 4. Nf3 O-O 5. e3 Nc6 6. Bb2 Re8 7. Be2 d5 8. O-O a6 9. d3 Bd6 10. Nbd2 h6 11. c4 Be6 12. Rb1 Rb8 13. h3 Qe7 14. a4 Rbd8 15. Bxf6 Qxf6 16. cxd5 Bxd5 17. e4 Be6 18. Rxb7 Nb4 19. e5 Bxe5 20. Rxb4 Bd6 21. Ne4 Qg6 22. Nxd6 Rxd6 23. Kh2 c5 24. Re4 c4 25. Ne5 Qf6 26. Nxc4 Rd7 27. Qc1 Red8 28. Qf4 Qc3 29. Rc1 Qb3 30. Ne5 Rb7 31. Nc6 Rf8 32. Nd4 Qa3 33. Rc7 1-0

[Event "EOBCC 2020"]
[Site "Online"]
[Date "2020.12.18"]
[Round "4.112"]
[White "Grunberg, Mihai-Lucian"]
[Black "Dworakowska, Joanna"]
[Result "1-0"]
[WhiteElo "2401"]
[BlackElo "2322"]
[PlyCount "43"]
[EventDate "2020.12.18"]
[EventType "tourn"]
[EventCountry "NET"]

1. Nf3 c5 2. c4 Nc6 3. d4 cxd4 4. Nxd4 Nf6 5. Nc3 g6 6. e4 d6 7. Be2 Bg7 8. Be3 O-O 9. O-O Bd7 10. Qd2 a6 11. Rfd1 Rc8 12. Rac1 Ne5 13. Nd5 Nfg4 14. Bg5 f6 15. Bh4 g5 16. Bg3 Nh6 17. Ne3 Qe8 18. b4 b5 19. cxb5 Rxc1 20. Rxc1 axb5 21. Nd5 Qg6 22. Nxe7+ 1-0

[Event "EOBCC 2020"]
[Site "Online"]
[Date "2020.12.18"]
[Round "4.113"]
[White "Leszko, Bence"]
[Black "Bykhovsky, Avigdor"]
[Result "1/2-1/2"]
[WhiteElo "2321"]
[BlackElo "2400"]
[PlyCount "140"]
[EventDate "2020.12.18"]
[EventType "tourn"]
[EventCountry "NET"]

1. e4 e6 2. Nf3 d5 3. e5 c5 4. b4 b6 5. bxc5 bxc5 6. c3 Qd7 7. Bd3 Ba6 8. Bxa6 Nxa6 9. Qe2 c4 10. d3 cxd3 11. Qxd3 Nc5 12. Qe2 Ne7 13. O-O Nc6 14. Nbd2 Be7 15. Ba3 O-O 16. Nd4 Nxd4 17. cxd4 Na4 18. Bxe7 Qxe7 19. Nb3 Rfc8 20. Qa6 Nc3 21. Nc5 Qe8 22. Qd3 Na4 23. Nb7 Rc3 24. Qd2 Qc6 25. Nd6 f6 26. Qf4 Rf8 27. Rae1 f5 28. Qg5 Qd7 29. Rb1 Nb6 30. Rfc1 Rc7 31. Rxc7 Qxc7 32. Rc1 Qd7 33. h4 Nc8 34. Nxc8 Rxc8 35. Rxc8+ Qxc8 36. Kh2 h6 37. Qg6 a5 38. Qg3 Qc4 39. Qg6 Qc6 40. Qg3 Kh7 41. h5 Qe8 42. Qf3 Qa4 43. Qg3 Kg8 44. Qg6 Qc6 45. Qg3 Qe8 46. Qf3 Kh8 47. a3 Qa4 48. Qe3 Qd1 49. f3 Qa4 50. Qc3 Qe8 51. g4 fxg4 52. fxg4 a4 53. Qf3 Qe7 54. Kg3 Kg8 55. Qc3 Kh7 56. Qd3+ Kh8 57. Qg6 Qxa3+ 58. Kh4 Qe7+ 59. Kg3 a3 60. Qc2 Kg8 61. Qc8+ Kh7 62. Qc2+ Kg8 63. Qc8+ Kf7 64. Qc2 Qa7 65. Qg6+ Kf8 66. Qxe6 Qxd4 67. Qd6+ Ke8 68. Qe6+ Kf8 69. Qd6+ Ke8 70. Qe6+ Kf8 1/2-1/2

[Event "EOBCC 2020"]
[Site "Online"]
[Date "2020.12.18"]
[Round "4.114"]
[White "Sochacki, Wojtek"]
[Black "Piesik, Piotr"]
[Result "0-1"]
[WhiteElo "2320"]
[BlackElo "2400"]
[PlyCount "164"]
[EventDate "2020.12.18"]
[EventType "tourn"]
[EventCountry "NET"]

1. e4 g6 2. d4 Bg7 3. Nf3 c6 4. Nc3 d6 5. Be2 Nf6 6. O-O O-O 7. Bf4 Bg4 8. h3 Bxf3 9. Bxf3 Nbd7 10. e5 Ne8 11. Re1 dxe5 12. dxe5 Nc7 13. Bg4 Nc5 14. Bg5 Re8 15. Be3 N5e6 16. f4 f5 17. Be2 Nd5 18. Bc4 Nec7 19. Qf3 e6 20. Bc5 Bf8 21. Bxf8 Rxf8 22. Rad1 Qe7 23. Bxd5 Nxd5 24. Nxd5 cxd5 25. c3 Rac8 26. Rd4 Rc5 27. Qd3 Rfc8 28. Kh2 Rc4 29. g3 b5 30. Rd1 a5 31. Rd2 Qa7 32. Qe3 Qb7 33. Kg2 b4 34. Rxc4 Rxc4 35. cxb4 axb4 36. Kf2 Qa6 37. b3 Rc3 38. Qd4 Rc1 39. Re2 Qa5 40. g4 Kf7 41. gxf5 gxf5 42. Qe3 Rc3 43. Qd4 Qc5 44. Qxc5 Rxc5 45. Rd2 Rc3 46. Rd4 Rxh3 47. Rxb4 Rh2+ 48. Kg3 Rxa2 49. Rb7+ Kg6 50. Re7 Ra6 51. b4 Rb6 52. b5 Kh6 53. Kf3 Kg6 54. Kg3 Rxb5 55. Rxe6+ Kh5 56. Rf6 Rb3+ 57. Kf2 Kg4 58. e6 Rb4 59. Rf7 Kxf4 60. e7 Re4 61. Rxh7 Kg5 62. Rf7 Kg6 63. Rf8 Rxe7 64. Rd8 Re5 65. Kf3 Kf6 66. Rd6+ Kg5 67. Rd8 Kf6 68. Rd6+ Ke7 69. Ra6 Re4 70. Rb6 Re6 71. Rb8 Kf6 72. Rb5 Ke5 73. Ke3 Ra6 74. Ke2 Ra2+ 75. Kd3 Ra3+ 76. Ke2 Ke4 77. Rb8 Ra2+ 78. Ke1 d4 79. Rb3 f4 80. Rh3 f3 81. Rh4+ Ke3 82. Rh7 Ra1# 0-1

[Event "EOBCC 2020"]
[Site "Online"]
[Date "2020.12.18"]
[Round "4.115"]
[White "Sorensen, Hampus"]
[Black "Vitenberg, Noam Aviv"]
[Result "1-0"]
[WhiteElo "2395"]
[BlackElo "2320"]
[PlyCount "71"]
[EventDate "2020.12.18"]
[EventType "tourn"]
[EventCountry "NET"]

1. d4 Nf6 2. c4 c5 3. d5 b5 4. Qc2 b4 5. e4 d6 6. b3 g6 7. Bb2 Bg7 8. Nd2 O-O 9. Bd3 a5 10. f4 a4 11. Rb1 axb3 12. axb3 Ra2 13. Qc1 Ng4 14. Bxg7 Kxg7 15. Ra1 Qa5 16. Rxa2 Qxa2 17. Qb1 Qa3 18. Ngf3 f5 19. exf5 Bxf5 20. Bxf5 Rxf5 21. g3 e5 22. fxe5 Nxe5 23. O-O Nbd7 24. Nxe5 Rxf1+ 25. Kxf1 Nxe5 26. Ne4 Nf7 27. Kg1 Kf8 28. Kg2 Ke7 29. Kh3 Ne5 30. Qf1 Nd7 31. Qf4 Qa6 32. Qg5+ Ke8 33. Qh6 Nf8 34. Qg7 Qc8+ 35. Kg2 Qd7 36. Nf6+ 1-0

[Event "EOBCC 2020"]
[Site "Online"]
[Date "2020.12.18"]
[Round "4.116"]
[White "Tsvetkov, Andrey"]
[Black "Rabatin, Jakub"]
[Result "1-0"]
[WhiteElo "2395"]
[BlackElo "2316"]
[PlyCount "71"]
[EventDate "2020.12.18"]
[EventType "tourn"]
[EventCountry "NET"]

1. d4 Nf6 2. c4 g6 3. Nc3 Bg7 4. e4 d6 5. Be2 O-O 6. Be3 e5 7. d5 a5 8. h4 Na6 9. h5 c6 10. Nh3 Nc5 11. Qc2 a4 12. O-O-O Qa5 13. hxg6 fxg6 14. dxc6 bxc6 15. Rxd6 a3 16. b3 Ncxe4 17. Nxe4 Nxe4 18. Qxe4 Qc3+ 19. Qc2 Qa1+ 20. Qb1 Qc3+ 21. Qc2 Qa1+ 22. Qb1 Qc3+ 23. Kd1 Bf5 24. Qc1 Qa5 25. c5 Rad8 26. Bd2 Qc7 27. Ke1 Rxd6 28. cxd6 Qxd6 29. Ng5 h5 30. Qc4+ Kh8 31. Bb4 Qf6 32. Bxf8 Qxg5 33. Bxg7+ Kxg7 34. Qxc6 Kh6 35. Qc3 Qf4 36. Qe3 1-0

[Event "EOBCC 2020"]
[Site "Online"]
[Date "2020.12.18"]
[Round "4.117"]
[White "Nazaretyan, Tigran"]
[Black "Vedrickas, Tautvydas"]
[Result "1-0"]
[WhiteElo "2316"]
[BlackElo "2395"]
[PlyCount "51"]
[EventDate "2020.12.18"]
[EventType "tourn"]
[EventCountry "NET"]

1. d4 Nf6 2. c4 e6 3. Nf3 c5 4. e3 cxd4 5. exd4 b6 6. Nc3 Bb4 7. Bd3 Bb7 8. O-O h6 9. Qe2 O-O 10. Bf4 Bxc3 11. bxc3 d6 12. a4 Nc6 13. Qd2 Na5 14. Bxh6 gxh6 15. Qxh6 Be4 16. Rad1 Bxd3 17. Rxd3 Ne4 18. Ne5 Qg5 19. Rg3 Qxg3 20. fxg3 dxe5 21. dxe5 Rad8 22. Qh4 f5 23. exf6 Nxf6 24. Qg5+ Kh8 25. Rxf6 Rd1+ 26. Kf2 1-0

[Event "EOBCC 2020"]
[Site "Online"]
[Date "2020.12.18"]
[Round "4.118"]
[White "Havlik, Jan"]
[Black "Ivlev, Aleksey"]
[Result "1/2-1/2"]
[WhiteElo "2393"]
[BlackElo "2315"]
[PlyCount "182"]
[EventDate "2020.12.18"]
[EventType "tourn"]
[EventCountry "NET"]

1. e4 e5 2. Nf3 Nc6 3. Bb5 a6 4. Ba4 Nf6 5. d4 b5 6. Bb3 d6 7. dxe5 dxe5 8. Qxd8+ Nxd8 9. Nxe5 c5 10. c3 c4 11. Bc2 Bc5 12. a4 Bb7 13. axb5 axb5 14. Rxa8 Bxa8 15. Nd2 O-O 16. O-O Ne6 17. b3 cxb3 18. Nxb3 Bb6 19. Re1 Rc8 20. Bd2 b4 21. c4 Nd4 22. Nxd4 Bxd4 23. Nf3 Bb6 24. e5 Ng4 25. Ra1 g6 26. Bxb4 Bxf2+ 27. Kf1 Bb6 28. Bd3 Bxf3 29. gxf3 Nxe5 30. Be2 Nxc4 31. Ra6 Ne3+ 32. Kf2 Nd5+ 33. Kg3 Bc7+ 34. Bd6 Bxd6+ 35. Rxd6 Ne7 36. Rd7 Nf5+ 37. Kf2 Rc2 38. Ke1 Rb2 39. Bd3 Ne3 40. Re7 Ng2+ 41. Kf1 Nf4 42. Bc4 Ne6 43. Bxe6 fxe6 44. Kg1 Re2 45. Kf1 Re5 46. Kf2 h5 47. Ra7 Rf5 48. Re7 Rf6 49. Kg3 Kf8 50. Ra7 Rf7 51. Ra6 Ke7 52. h4 Kf6 53. Ra5 Rd7 54. Ra6 Rd4 55. Ra5 Rd5 56. Ra6 Kf5 57. Ra8 Kf6 58. Rf8+ Kg7 59. Ra8 Kf7 60. Ra6 Rd7 61. Rb6 Ke7 62. Ra6 Rd6 63. Ra7+ Kf6 64. Ra5 e5 65. Ra8 Kf5 66. Rf8+ Rf6 67. Re8 Rf7 68. Rg8 Kf6 69. Re8 Re7 70. Rf8+ Rf7 71. Re8 Rc7 72. Rf8+ Ke6 73. Rg8 Kf7 74. Ra8 Rc3 75. Kg2 Rd3 76. Kf2 Ke6 77. Rf8 Ra3 78. Kg2 Ra4 79. Kg3 Ra7 80. Rg8 Kf6 81. Rf8+ Rf7 82. Ra8 g5 83. hxg5+ Kxg5 84. Rg8+ Kf5 85. Rh8 Rg7+ 86. Kf2 Kg5 87. Re8 Kf6 88. Rh8 Rg5 89. Rh6+ Kf5 90. Ke3 Rg1 91. Rxh5+ Ke6 1/2-1/2

[Event "EOBCC 2020"]
[Site "Online"]
[Date "2020.12.18"]
[Round "4.119"]
[White "Storme, Isak"]
[Black "Brozyna, Mateusz"]
[Result "0-1"]
[WhiteElo "2392"]
[BlackElo "2312"]
[PlyCount "106"]
[EventDate "2020.12.18"]
[EventType "tourn"]
[EventCountry "NET"]

1. e4 e5 2. Nf3 Nc6 3. Bc4 Bc5 4. c3 Nf6 5. d4 exd4 6. b4 Bb6 7. e5 d5 8. exf6 dxc4 9. fxg7 Rg8 10. O-O dxc3 11. Qe2+ Qe7 12. Qxc4 Be6 13. Qxc3 Qxb4 14. Qf6 Qe7 15. Bg5 Qxf6 16. Bxf6 Ne7 17. Nh4 Nd5 18. Bb2 f6 19. Nd2 Rxg7 20. Ne4 Kf7 21. Ng3 Rg5 22. Nf3 Rg4 23. Rfe1 Re8 24. Rad1 c6 25. Nd4 Bd7 26. Ngf5 Rxe1+ 27. Rxe1 Bxf5 28. Nxf5 Bxf2+ 29. Kxf2 Rf4+ 30. Kg3 Rxf5 31. Bd4 Rg5+ 32. Kf3 Rg8 33. Re4 h5 34. Rh4 Rg5 35. Re4 a5 36. Re1 Nb4 37. Rb1 Rd5 38. Be3 b5 39. a3 Nc2 40. Rc1 Nxa3 41. Rxc6 Nc4 42. Rc7+ Kg6 43. Bf4 Rf5 44. Ke4 a4 45. h3 a3 46. Ra7 b4 47. g4 hxg4 48. hxg4 Ra5 49. Rxa5 Nxa5 50. Be3 Nc4 51. Bd4 b3 52. Kd3 b2 53. Kxc4 b1=Q 0-1

[Event "EOBCC 2020"]
[Site "Online"]
[Date "2020.12.18"]
[Round "4.120"]
[White "Megalios, Konstantinos"]
[Black "Ozenir, Ekin Baris"]
[Result "1-0"]
[WhiteElo "2390"]
[BlackElo "2309"]
[PlyCount "117"]
[EventDate "2020.12.18"]
[EventType "tourn"]
[EventCountry "NET"]

1. d4 Nf6 2. c4 e6 3. g3 c5 4. Nf3 cxd4 5. Nxd4 d5 6. Bg2 e5 7. Nc2 d4 8. f4 Nc6 9. Bxc6+ bxc6 10. fxe5 Qa5+ 11. Qd2 Qxe5 12. Qxd4 Qh5 13. Qe3+ Be6 14. b3 Rc8 15. Nc3 Bc5 16. Qg5 O-O 17. Qxh5 Nxh5 18. Be3 Bxe3 19. Nxe3 Rfe8 20. Nc2 Nf6 21. Rd1 Bh3 22. Rd4 Re7 23. Kd2 Rce8 24. Ne1 c5 25. Rd6 Rxe2+ 26. Nxe2 Ne4+ 27. Kc1 Nxd6 28. Nf4 Bf5 29. Nf3 Be4 30. Rf1 f6 31. Nd2 Bc6 32. Nd3 Nb7 33. Re1 Rxe1+ 34. Nxe1 Kf7 35. Kc2 h5 36. Kd3 f5 37. Ke3 g5 38. Nd3 Kf6 39. Nf3 Be4 40. h4 g4 41. Nfe5 a5 42. Nd7+ Ke7 43. N7xc5 Nxc5 44. Nxc5 Bb1 45. a3 Kd6 46. b4 axb4 47. axb4 Ba2 48. Kd4 f4 49. gxf4 Kc6 50. Ne4 Bb1 51. Ng3 Bg6 52. Ke5 Bf7 53. Kd4 Kb6 54. f5 Kc6 55. f6 Kd6 56. b5 Ke6 57. b6 Kd6 58. c5+ Kc6 59. Ke5 1-0

[Event "EOBCC 2020"]
[Site "Online"]
[Date "2020.12.18"]
[Round "4.121"]
[White "Zovko, Mario"]
[Black "Remizov, Yaroslav"]
[Result "0-1"]
[WhiteElo "2312"]
[BlackElo "2385"]
[PlyCount "66"]
[EventDate "2020.12.18"]
[EventType "tourn"]
[EventCountry "NET"]

1. e4 c6 2. d4 d5 3. exd5 cxd5 4. c4 Nf6 5. Nc3 g6 6. cxd5 Bg7 7. Bb5+ Nbd7 8. d6 exd6 9. Qe2+ Kf8 10. Nf3 a6 11. Bd3 b5 12. Ne4 Nb6 13. Bg5 h6 14. Bh4 g5 15. Bg3 Nxe4 16. Bxe4 d5 17. Bd3 Bg4 18. O-O Qf6 19. Be5 Bxf3 20. gxf3 Qe6 21. Rac1 Bxe5 22. dxe5 Kg7 23. Qe3 Rac8 24. Kg2 Nd7 25. Rfe1 Rxc1 26. Qxc1 Nxe5 27. Qc7 Re8 28. a4 Qf6 29. Rxe5 Qxe5 30. Qb7 bxa4 31. Bxa6 Rb8 32. Qd7 Rxb2 33. Qg4 a3 0-1

[Event "EOBCC 2020"]
[Site "Online"]
[Date "2020.12.18"]
[Round "4.122"]
[White "Antonov, Alexandr"]
[Black "Mammadova, Gulnar"]
[Result "1-0"]
[WhiteElo "2309"]
[BlackElo "2382"]
[PlyCount "131"]
[EventDate "2020.12.18"]
[EventType "tourn"]
[EventCountry "NET"]

1. c4 g6 2. e4 Bg7 3. Nc3 d6 4. g3 c5 5. Bg2 Nc6 6. d3 e6 7. Nge2 Nge7 8. O-O O-O 9. f4 f5 10. Be3 Nd4 11. h3 Nec6 12. Bxd4 cxd4 13. Nb5 a6 14. Na3 e5 15. Nc2 fxe4 16. dxe4 Be6 17. b3 Qd7 18. Kh2 exf4 19. gxf4 d3 20. Qxd3 Bxa1 21. Rxa1 Rad8 22. Rf1 Qg7 23. Ncd4 Nxd4 24. Nxd4 Bc8 25. f5 gxf5 26. exf5 Kh8 27. Rf3 Rg8 28. Rf2 Qe5+ 29. Kg1 Rdf8 30. Kf1 Re8 31. Re2 Qf4+ 32. Ke1 Rxe2+ 33. Nxe2 Qxf5 34. Be4 Qe5 35. Kd2 Qb2+ 36. Ke3 Qf6 37. Qd5 Re8 38. Kd3 Qe5 39. Nc3 Qxd5+ 40. Nxd5 Bxh3 41. Nf4 Bc8 42. Kd4 Kg7 43. Nh5+ Kh6 44. Nf6 Re7 45. Ng8+ Kg7 46. Nxe7 Be6 47. Bxb7 h5 48. Bd5 Bd7 49. Be4 Kf6 50. Nd5+ Kg5 51. b4 h4 52. a4 Bxa4 53. Nc7 h3 54. Nxa6 Kf4 55. b5 h2 56. b6 Bc2 57. Bh1 d5 58. b7 Be4 59. Bxe4 dxe4 60. b8=Q+ Kf3 61. Qxh2 e3 62. Qh3+ Ke2 63. Qxe3+ Kd1 64. Qf2 Kc1 65. Kc3 Kb1 66. Qb2# 1-0

[Event "EOBCC 2020"]
[Site "Online"]
[Date "2020.12.18"]
[Round "4.123"]
[White "Radeva, Viktoria"]
[Black "Dudin, Gleb"]
[Result "0-1"]
[WhiteElo "2274"]
[BlackElo "2395"]
[PlyCount "56"]
[EventDate "2020.12.18"]
[EventType "tourn"]
[EventCountry "NET"]

1. e4 c6 2. Nc3 d5 3. Nf3 dxe4 4. Nxe4 Nf6 5. Qe2 Nxe4 6. Qxe4 Be6 7. c4 Nd7 8. d4 Nf6 9. Qh4 Bf5 10. Be2 e6 11. O-O Be7 12. Qf4 O-O 13. b3 a5 14. Bb2 a4 15. Ne5 Nd7 16. Rfd1 Nxe5 17. Qxe5 Bf6 18. Qe3 Qb6 19. Ba3 Rfd8 20. Bc5 Qc7 21. Rac1 h6 22. d5 Bg5 23. Bb6 Bxe3 24. Bxc7 Bxc1 25. Bxd8 Rxd8 26. Rxc1 axb3 27. dxc6 b2 28. Re1 bxc6 0-1

[Event "EOBCC 2020"]
[Site "Online"]
[Date "2020.12.18"]
[Round "4.124"]
[White "Aizenberg, Benny"]
[Black "Balajayeva, Khanim"]
[Result "1-0"]
[WhiteElo "2279"]
[BlackElo "2376"]
[PlyCount "73"]
[EventDate "2020.12.18"]
[EventType "tourn"]
[EventCountry "NET"]

1. e4 e5 2. Nf3 Nc6 3. Bb5 a6 4. Ba4 Nf6 5. O-O Be7 6. Re1 b5 7. Bb3 O-O 8. a4 b4 9. d4 d6 10. h3 Bb7 11. dxe5 Nxe5 12. Nxe5 dxe5 13. f3 Bc5+ 14. Kh2 h6 15. Nd2 Qe7 16. Nf1 Rfd8 17. Qe2 a5 18. Be3 Nh5 19. Qc4 Bxe3 20. Nxe3 Ba6 21. Qc6 Nf4 22. Rad1 Be2 23. Rxd8+ Rxd8 24. Nd5 Qg5 25. Nxf4 Qxf4+ 26. Kg1 Bxf3 27. Rf1 Qe3+ 28. Kh2 Bxg2 29. Rxf7 Kh8 30. Qg6 Rg8 31. Qxg2 c5 32. Rf3 Qxe4 33. Bxg8 Qh4 34. Rf8 Qe7 35. Qa8 e4 36. Bf7+ Kh7 37. Rh8# 1-0

[Event "EOBCC 2020"]
[Site "Online"]
[Date "2020.12.18"]
[Round "4.125"]
[White "Myshakov, Fyodor"]
[Black "Haring, Filip"]
[Result "1-0"]
[WhiteElo "2292"]
[BlackElo "2376"]
[PlyCount "79"]
[EventDate "2020.12.18"]
[EventType "tourn"]
[EventCountry "NET"]

1. c4 c5 2. Nc3 Nc6 3. Nf3 Nf6 4. g3 g6 5. Bg2 d6 6. O-O Bg7 7. d4 cxd4 8. Nxd4 Bd7 9. b3 Qc8 10. Bb2 h5 11. h4 g5 12. hxg5 Ng4 13. Nd5 Nxd4 14. Bxd4 e5 15. Bc3 h4 16. Qd3 Bf5 17. e4 Be6 18. Bb4 Qd7 19. f3 h3 20. fxg4 hxg2 21. Kxg2 Bxg4 22. Nf6+ Bxf6 23. Rxf6 O-O-O 24. Rxd6 Bh3+ 25. Kg1 Qg4 26. Rxd8+ Rxd8 27. Qe3 Rd4 28. Re1 b6 29. Bc3 Rd8 30. Bxe5 Kb7 31. Bf4 Qe6 32. e5 Bf5 33. Qf3+ Ka6 34. c5 b5 35. a4 Rd3 36. axb5+ Kxb5 37. Qb7+ Kxc5 38. Rc1+ Kd4 39. Qb4+ Kd5 40. Qc4# 1-0

[Event "EOBCC 2020"]
[Site "Online"]
[Date "2020.12.18"]
[Round "4.126"]
[White "Psyk, Radoslaw"]
[Black "Mostbauer, Florian"]
[Result "1/2-1/2"]
[WhiteElo "2375"]
[BlackElo "2304"]
[PlyCount "131"]
[EventDate "2020.12.18"]
[EventType "tourn"]
[EventCountry "NET"]

1. e4 c6 2. d4 d5 3. Nc3 dxe4 4. Nxe4 Nf6 5. Nxf6+ exf6 6. c3 Bd6 7. Bd3 O-O 8. Qc2 Re8+ 9. Ne2 h5 10. O-O h4 11. h3 Qc7 12. Be3 Be6 13. Rad1 Nd7 14. Rfe1 Nf8 15. c4 Rad8 16. b3 b6 17. Nc3 Bh2+ 18. Kh1 Bf4 19. Be4 Bxe3 20. Rxe3 g5 21. d5 cxd5 22. Bxd5 Kg7 23. Nb5 Qf4 24. Rf3 Qe5 25. Bxe6 Nxe6 26. Re3 Rxd1+ 27. Qxd1 Qf4 28. Rf3 Qe5 29. Rd3 Nf4 30. Re3 Qb8 31. Nd6 Rxe3 32. fxe3 Ng6 33. Qd5 Ne5 34. Nf5+ Kg8 35. Qd6 Qxd6 36. Nxd6 Kf8 37. b4 Ke7 38. Nc8+ Kd7 39. Nxa7 Nxc4 40. Kg1 Nxe3 41. Kf2 Nd5 42. a3 f5 43. Ke2 Kd6 44. Nb5+ Ke5 45. Na7 g4 46. Nc6+ Kf4 47. Kf2 Ne3 48. hxg4 fxg4 49. a4 Nd5 50. a5 bxa5 51. bxa5 Nc7 52. Nb4 f5 53. a6 g3+ 54. Ke2 Kg4 55. a7 h3 56. gxh3+ Kxh3 57. Nd5 Na8 58. Kf3 g2 59. Nf4+ Kh4 60. Nxg2+ Kg5 61. Ke3 Kf6 62. Kd4 Ke6 63. Kc5 Kd7 64. Nf4 Kc7 65. Kd5 Kb7 66. Ke5 1/2-1/2

[Event "EOBCC 2020"]
[Site "Online"]
[Date "2020.12.18"]
[Round "4.127"]
[White "Sukovic, Andrej"]
[Black "Seul, Georg"]
[Result "0-1"]
[WhiteElo "2282"]
[BlackElo "2372"]
[PlyCount "126"]
[EventDate "2020.12.18"]
[EventType "tourn"]
[EventCountry "NET"]

1. e4 e5 2. Nf3 Nc6 3. Bb5 a6 4. Ba4 Nf6 5. O-O Be7 6. Re1 b5 7. Bb3 d6 8. c3 O-O 9. h3 Na5 10. Bc2 c5 11. d4 Qc7 12. Nbd2 Bd7 13. d5 c4 14. Nf1 Nb7 15. Ng3 Nc5 16. b4 cxb3 17. axb3 a5 18. Bd2 Rfc8 19. Nh2 Qd8 20. f4 exf4 21. Bxf4 b4 22. cxb4 axb4 23. Qd4 Qb6 24. Nf3 Rxa1 25. Rxa1 Nxd5 26. Bg5 Bxg5 27. Nxg5 Nf6 28. Kh2 h6 29. Nf3 Be6 30. Nh4 Qb8 31. Nhf5 Bxf5 32. Nxf5 d5+ 33. Kh1 Ne6 34. Qd2 Qe5 35. Ne7+ Kf8 36. Ra7 Rd8 37. Qxb4 Rd6 38. Nf5 Ne8 39. Nxd6 Nxd6 40. Ra6 Ke7 41. Ra7+ Kf6 42. Ra6 Nxe4 43. Bxe4 dxe4 44. Qe1 e3 45. Ra2 Nf4 46. Qg3 e2 47. Ra6+ Ne6 48. Qe1 g5 49. Ra2 Nd4 50. b4 h5 51. b5 Qxb5 52. Qc3 Qb1+ 53. Kh2 e1=Q 54. Qxd4+ Qe5+ 55. Qxe5+ Kxe5 56. Re2+ Kd4 57. Rf2 Qb8+ 58. Kg1 Qe5 59. Rxf7 g4 60. hxg4 hxg4 61. Rd7+ Ke3 62. Rd1 Ke2 63. Rb1 g3 0-1